Представление документа в формате MARC21

Поле Инд. ПП Название Значение
Тип записи a
Библиографический уровень m
001 Контрольный номер 94e5329f572b414f9865547438cc14d7
005 Дата корректировки 20221011140444.8
008 Кодируемые данные 221011s1991 ru |||||||||||000|||rus|d
040 a Служба первич. каталог. ЦГБ г. В. Луки
b Код языка каталог. rus
041 0_ a Код языка текста rus
084 2 Источник индекса rubbk
a Индекс другой классификации/Индекс ББК 65.9(2)
090 x Авторский знак Р 90
j Имя библиотеки ЦГБ г. В. Луки
097 b Оператор САВ-р
100 1_ a Автор Рутгайзер В. М.
245 10 a Заглавие Приватизация советской экономики
c Ответственность В. М. Рутгайзер
260 a Место издания Москва
b Издательство Знание
c Дата издания 1991
300 a Объем 61, [3] с.
490 00 a Заглавие серии Новое в жизни, науке, технике. "Экономика"
v N тома 2
650 14 a Основная рубрика Экономика
653 1_ a Ключевые слова экономика
901 t Тип документа m